000 00630nam a2200169 a 4500
001 000021324
005 20240307073950.0
008 100906s2008 dr 000 0 spa d
040 _aDO-SdBNP
_bspa
_cBNPHU
082 _axxx
_bM533m
110 1 _aRepública Dominicana.
_b Junta Central Electoral
_964605
245 1 0 _aMemorias del Magistrado Dr. John N. Guilliani Valenzuela, Juez Titular de la Cámara Conteciosa electoral de la Junta Central Electoral.
260 _aSanto Domingo :
_bNurys Paulino,
_c2008.
300 _a75 p. ;
_c22 cm.
500 _aIncluye datos biográficos del autor en la contracubierta
049 _aBNPD
999 _c20824
_d20824